[Event "ENG-ch Senior Over 65"]
[Site "Kenilworth"]
[Date "2024.05.25"]
[Round "3.8"]
[White "De Coverly, Roger D"]
[Black "Hughes, Roy"]
[Result "0-1"]
[WhiteElo "1901"]
[BlackElo "1988"]
[PlyCount "126"]
[EventDate "2024.05.24"]
[EventType "swiss"]
[EventRounds "7"]
[EventCountry "ENG"]

1. Nf3 d5 2. g3 Nf6 3. Bg2 c6 4. O-O Bf5 5. b3 e6 6. Bb2 h6 7. d3 Be7 8. Nbd2
a5 9. a3 O-O 10. Qe1 Nfd7 11. e4 Bh7 12. Qe2 Na6 13. Rfe1 Re8 14. e5 Qc7 15.
Rac1 Nac5 16. h4 Nf8 17. Nh2 Rec8 18. d4 Ncd7 19. c4 Qd8 20. c5 b6 21. Qe3 bxc5
22. dxc5 Rcb8 23. Bd4 f6 24. exf6 Bxf6 25. Ng4 Bxd4 26. Qxd4 Bf5 27. Ne3 Bg6
28. f4 Qc7 29. Ng4 Bf5 30. Ne5 Nxe5 31. Rxe5 Nd7 32. Re3 Ra7 33. Bf3 Nf6 34.
Nf1 Rab7 35. Rcc3 Qf7 36. Nd2 Qg6 37. Kh2 Rf8 38. Re1 Qe8 39. Nf1 Qb8 40. Bd1
Re8 41. Rce3 Rb5 42. Nd2 Qa7 43. Rc3 Qc7 44. Kg1 Reb8 45. Bc2 Qf7 46. Bd3 R5b7
47. Bxf5 exf5 48. Nf3 Ne4 49. Ne5 Qc7 50. Rd3 Rxb3 51. Rc1 R8b5 52. Kh2 Rb2+
53. Kg1 Qb7 54. Rf3 Rd2 55. Nd3 Rb3 56. Qe5 Rdxd3 57. Qe8+ Kh7 58. h5 Nf6 59.
Qg6+ Kg8 60. Rxd3 Rxd3 61. Re1 Qd7 62. Rb1 Re3 63. Rb8+ Re8 0-1

[Event "ENG-ch Senior Over 65"]
[Site "Kenilworth"]
[Date "2024.05.25"]
[Round "3.9"]
[White "Wager, John D"]
[Black "Hawkins, James N"]
[Result "1-0"]
[WhiteElo "2020"]
[BlackElo "1930"]
[PlyCount "67"]
[EventDate "2024.05.24"]
[EventType "swiss"]
[EventRounds "7"]
[EventCountry "ENG"]

1. Nf3 Nf6 2. b3 b6 3. Bb2 Bb7 4. d4 e6 5. Nbd2 c5 6. e3 cxd4 7. exd4 Be7 8.
Bd3 O-O 9. O-O d5 10. Qe2 Nc6 11. a3 Nd7 12. Rfe1 Bd6 13. c4 Re8 14. Rac1 f6
15. Bb1 Ba6 16. b4 dxc4 17. Qe4 Nf8 18. Qxc6 Rc8 19. Qe4 Qc7 20. Qh4 b5 21. g3
Bb7 22. Be4 Bd5 23. Re3 Qb7 24. Bc3 f5 25. Bxd5 Qxd5 26. Rce1 Ng6 27. Qh5 Rcd8
28. Ng5 Nf8 29. Qf7+ Kh8 30. Ndf3 f4 31. gxf4 h6 32. Ne5 Be7 33. Qh5 Bxg5 34.
fxg5 1-0

[Event "ENG-ch Senior Over 65"]
[Site "Kenilworth"]
[Date "2024.05.25"]
[Round "3.10"]
[White "Bellers, Chris JV"]
[Black "Hutchinson, Paul A"]
[Result "0-1"]
[WhiteElo "1926"]
[BlackElo "1970"]
[PlyCount "72"]
[EventDate "2024.05.24"]
[EventType "swiss"]
[EventRounds "7"]
[EventCountry "ENG"]

1. c4 Nf6 2. g3 g6 3. Bg2 Bg7 4. Nc3 e5 5. e4 Nc6 6. Nge2 O-O 7. O-O Re8 8. d3
h6 9. h3 d6 10. Be3 Kh7 11. Qd2 Be6 12. Nd5 Bxd5 13. cxd5 Ne7 14. f4 Qd7 15.
fxe5 dxe5 16. Rf2 Neg8 17. Raf1 c6 18. Nc3 cxd5 19. exd5 b6 20. Ne4 Nxe4 21.
dxe4 f6 22. h4 h5 23. Kh2 Qb5 24. Rc1 Rad8 25. Rc7 Re7 26. Qc1 Rxc7 27. Qxc7
Rd7 28. Qc8 Rf7 29. Rc2 f5 30. Rc7 Rxc7 31. Qxc7 Nf6 32. Bg1 Ng4+ 33. Kh3 Qd3
34. exf5 Qxf5 35. d6 e4 36. Bxe4 Qxe4 0-1

[Event "ENG-ch Senior Over 65"]
[Site "Kenilworth"]
[Date "2024.05.25"]
[Round "3.11"]
[White "Punnett, Alan K"]
[Black "Clare, Steve"]
[Result "1-0"]
[WhiteElo "1963"]
[BlackElo "1765"]
[PlyCount "53"]
[EventDate "2024.05.24"]
[EventType "swiss"]
[EventRounds "7"]
[EventCountry "ENG"]

1. e4 e5 2. Nf3 Qe7 3. Nc3 c6 4. d4 d6 5. dxe5 dxe5 6. Be3 Bg4 7. h3 Bxf3 8.
Qxf3 Nf6 9. Bc4 Qc7 10. O-O Be7 11. Ne2 Nbd7 12. Ng3 g6 13. Bh6 Bf8 14. Bxf8
Rxf8 15. a4 h5 16. Rfe1 O-O-O 17. b4 h4 18. Nf1 Nh5 19. b5 cxb5 20. Bxb5 f5 21.
Ne3 fxe4 22. Bxd7+ Qxd7 23. Qxe4 Rf4 24. Qxe5 Qd2 25. Ng4 Rdf8 26. Re3 Qd4 27.
Rc3+ 1-0

[Event "ENG-ch Senior Over 65"]
[Site "Kenilworth"]
[Date "2024.05.25"]
[Round "3.12"]
[White "Goodwin, Ed H"]
[Black "Bray, Dave J"]
[Result "1/2-1/2"]
[WhiteElo "1898"]
[BlackElo "1963"]
[PlyCount "51"]
[EventDate "2024.05.24"]
[EventType "swiss"]
[EventRounds "7"]
[EventCountry "ENG"]

1. d4 Nf6 2. c4 e6 3. Nf3 d5 4. Nc3 Be7 5. Bg5 O-O 6. cxd5 exd5 7. e3 Nbd7 8.
Bd3 c6 9. Qc2 h6 10. Bf4 Nh5 11. Bg3 Nxg3 12. hxg3 Nf6 13. O-O Be6 14. Rab1 Rc8
15. b4 Bd6 16. Rfc1 Qe7 17. Qb3 Ne4 18. Qa4 Nxc3 19. Rxc3 a6 20. a3 Bg4 21. Qc2
Bxf3 22. gxf3 Rc7 23. Kg2 Rfc8 24. Bf5 Rd8 25. Bd3 a5 26. Qd1 1/2-1/2

[Event "ENG-ch Senior Over 65"]
[Site "Kenilworth"]
[Date "2024.05.25"]
[Round "3.13"]
[White "Carpenter, David J"]
[Black "Erdogan, Hassan"]
[Result "1/2-1/2"]
[WhiteElo "1635"]
[BlackElo "1877"]
[PlyCount "67"]
[EventDate "2024.05.24"]
[EventType "swiss"]
[EventRounds "7"]
[EventCountry "ENG"]

1. Nf3 d6 2. g3 e5 3. e4 Nf6 4. d3 Be7 5. Bg2 O-O 6. O-O c6 7. Re1 Qc7 8. Nbd2
Re8 9. b3 Bf8 10. Bb2 g6 11. Nc4 b5 12. Ne3 Bg7 13. b4 Bb7 14. Rc1 Nbd7 15. c4
Qb6 16. cxb5 cxb5 17. Re2 Rac8 18. Rxc8 Rxc8 19. Rc2 Rxc2 20. Qxc2 Nf8 21. Bh3
Bc6 22. Bg2 Qb7 23. Kf1 Ne6 24. Kg1 Nd7 25. a3 Nb6 26. Kf1 h6 27. Bh3 Bd7 28.
Bg2 Kh7 29. h4 Bc6 30. Kg1 a6 31. Bh1 Nf8 32. Bg2 Ne6 33. Bh1 Nf8 34. Bg2
1/2-1/2

[Event "ENG-ch Senior Over 65"]
[Site "Kenilworth"]
[Date "2024.05.25"]
[Round "3.14"]
[White "Jerome, Stellio"]
[Black "Dennis, Nigel W"]
[Result "0-1"]
[WhiteElo "1673"]
[BlackElo "1892"]
[PlyCount "70"]
[EventDate "2024.05.24"]
[EventType "swiss"]
[EventRounds "7"]
[EventCountry "ENG"]

1. f4 d5 2. e3 c5 3. Nf3 e6 4. Be2 Nf6 5. O-O Be7 6. b3 O-O 7. Bb2 Nc6 8. Qe1
a6 9. d3 Ng4 10. Bd1 Bf6 11. Bxf6 Qxf6 12. Nbd2 Qxa1 13. Ng5 h6 14. Qg3 Nxe3
15. Qxe3 hxg5 16. fxg5 Qd4 17. Qxd4 Nxd4 18. c3 Nf5 19. Re1 d4 20. cxd4 Nxd4
21. Ne4 b6 22. Bh5 Bb7 23. Nd6 Bd5 24. Rf1 Ra7 25. Rf4 Rd7 26. Ne4 Bxe4 27.
dxe4 g6 28. Bg4 Kg7 29. h4 f5 30. h5 fxg4 31. h6+ Kg8 32. Rxg4 Kh7 33. e5 Rdf7
34. b4 Rf1+ 35. Kh2 R8f4 0-1

[Event "ENG-ch Senior Over 65"]
[Site "Kenilworth"]
[Date "2024.05.25"]
[Round "3.15"]
[White "Neatherway, A Philip"]
[Black "Harvey, John"]
[Result "1-0"]
[WhiteElo "1831"]
[BlackElo "1697"]
[PlyCount "59"]
[EventDate "2024.05.24"]
[EventType "swiss"]
[EventRounds "7"]
[EventCountry "ENG"]

1. e4 c5 2. Nf3 d6 3. d4 cxd4 4. Nxd4 Nf6 5. Nc3 a6 6. Be3 e5 7. Nb3 Be6 8. f3
Be7 9. Qd2 O-O 10. g4 b5 11. g5 Nfd7 12. h4 Nc6 13. h5 Nc5 14. g6 Nxb3 15. axb3
Bh4+ 16. Kd1 fxg6 17. hxg6 Rxf3 18. Be2 Rh3 19. Rxh3 Bxh3 20. Qd5+ Kh8 21. Qxc6
b4 22. Na4 Rc8 23. Qd5 Qc7 24. Bd3 Bf1 25. Kd2 Bh3 26. Rh1 Qd7 27. Nb6 Qg4 28.
Rxh3 Qxh3 29. Nxc8 Qxc8 30. Qxd6 1-0

[Event "ENG-ch Senior Over 65"]
[Site "Kenilworth"]
[Date "2024.05.25"]
[Round "3.16"]
[White "Hutchinson, Norman A"]
[Black "Robinson, Steve"]
[Result "1-0"]
[WhiteElo "1952"]
[BlackElo "1632"]
[PlyCount "37"]
[EventDate "2024.05.24"]
[EventType "swiss"]
[EventRounds "7"]
[EventCountry "ENG"]

1. e4 Nf6 2. e5 Nd5 3. d4 d6 4. exd6 cxd6 5. c4 Nb6 6. Be3 g6 7. Nc3 Bg7 8. Rc1
Nc6 9. b3 e5 10. d5 Nd4 11. Nge2 Qf6 12. Ne4 Nf3+ 13. gxf3 Qxf3 14. N2g3 Qg4
15. Nxd6+ Ke7 16. Qxg4 Bxg4 17. Nxb7 Bf3 18. Rg1 f5 19. Nxf5+ 1-0

[Event "ENG-ch Senior Over 65"]
[Site "Kenilworth"]
[Date "2024.05.25"]
[Round "3.17"]
[White "Wall, Robert"]
[Black "Collins, Nigel"]
[Result "0-1"]
[WhiteElo "1766"]
[BlackElo "1602"]
[PlyCount "108"]
[EventDate "2024.05.24"]
[EventType "swiss"]
[EventRounds "7"]
[EventCountry "ENG"]

1. d4 Nf6 2. Nf3 g6 3. Bf4 Bg7 4. e3 d6 5. Bc4 Nh5 6. Bg5 h6 7. Bh4 g5 8. Bg3
Nxg3 9. hxg3 c5 10. c3 Qb6 11. b3 Bf5 12. Nbd2 Nd7 13. Nxg5 hxg5 14. Rxh8+ Bxh8
15. Qh5 O-O-O 16. Qxf7 Bf6 17. e4 Rf8 18. Qh5 Rh8 19. Qf3 Bg6 20. Be6 Qd8 21.
O-O-O Kb8 22. e5 Qa5 23. Kb2 dxe5 24. Nc4 Qc7 25. Bxd7 exd4 26. Bg4 dxc3+ 27.
Kc1 Rd8 28. Re1 Rd3 29. Qe2 Qd8 30. Bf3 b5 31. Ne5 Bxe5 32. Qxe5+ Qd6 33. Qxg5
Rd2 34. Qf4 Qxf4 35. gxf4 Rxf2 36. Be2 Rxf4 37. Bxb5 Rf2 38. Be2 Rxg2 39. a4
Rh2 40. Bd1 c2 41. Be2 Rh7 42. Rg1 Rh6 43. Kd2 Kc7 44. Bd3 Bxd3 45. Kxd3 Rh2
46. Kc3 Kd6 47. Kb2 Kd5 48. a5 e6 49. Rg7 a6 50. Kc1 Kc6 51. Re7 Re2 52. Re8
Kb5 53. Rd8 Kb4 54. Rb8+ Kc3 0-1

[Event "ENG-ch Senior Over 65"]
[Site "Kenilworth"]
[Date "2024.05.26"]
[Round "4.1"]
[White "Littlewood, Paul E"]
[Black "Large, Peter G"]
[Result "1/2-1/2"]
[WhiteElo "2317"]
[BlackElo "2313"]
[PlyCount "136"]
[EventDate "2024.05.24"]
[EventType "swiss"]
[EventRounds "7"]
[EventCountry "ENG"]

1. e4 e6 2. d4 d5 3. e5 Ne7 4. Nf3 b6 5. Nc3 Qd7 6. Bd3 Ba6 7. O-O c5 8. a4
Bxd3 9. Qxd3 Nbc6 10. Nb5 Ng6 11. c3 a6 12. Na3 c4 13. Qe2 Na5 14. Nc2 Nb3 15.
Ra2 Be7 16. Be3 O-O 17. Nd2 f6 18. exf6 Rxf6 19. f4 Nh4 20. g3 Rg6 21. Nf3
Nxf3+ 22. Qxf3 Rf8 23. Qe2 Bd6 24. Na1 Na5 25. Nc2 Qf7 26. Raa1 Qf5 27. Rae1
Nb3 28. Kh1 h5 29. Bf2 h4 30. Ne3 Qh3 31. Rg1 hxg3 32. Bxg3 Bxf4 33. Bxf4 Rxg1+
34. Rxg1 Rxf4 35. Rg3 Qh6 36. Qg2 Rf7 37. Rf3 Rxf3 38. Qxf3 Nd2 39. Qe2 Ne4 40.
Kg2 Qg5+ 41. Kf1 Qf4+ 42. Kg2 Ng5 43. Ng4 Qe4+ 44. Qxe4 Nxe4 45. Ne5 Kf8 46.
Nd7+ Ke7 47. Nxb6 Kd8 48. a5 Kc7 49. Kf3 Ng5+ 50. Kf4 Nf7 51. Na4 Kc6 52. Nc5
e5+ 53. Ke3 Kb5 54. Nd7 exd4+ 55. Kxd4 Kxa5 56. Kxd5 Kb5 57. Nf8 Ng5 58. h4 Nh3
59. Ne6 g6 60. Nd4+ Ka4 61. Kxc4 Nf4 62. Nf3 Ng2 63. b4 Ne3+ 64. Kc5 Kb3 65.
Kd4 Nf5+ 66. Kd3 Ka4 67. Kc4 Ne3+ 68. Kd4 Ng2 1/2-1/2

[Event "ENG-ch Senior Over 65"]
[Site "Kenilworth"]
[Date "2024.05.26"]
[Round "4.2"]
[White "Burnett, James"]
[Black "Chapman, Terry PD"]
[Result "1-0"]
[WhiteElo "2014"]
[BlackElo "2290"]
[PlyCount "115"]
[EventDate "2024.05.24"]
[EventType "swiss"]
[EventRounds "7"]
[EventCountry "ENG"]

1. d4 Nf6 2. c4 e6 3. Nf3 d5 4. Nc3 c5 5. cxd5 cxd4 6. Qxd4 exd5 7. Bg5 Be7 8.
e3 h6 9. Bh4 O-O 10. Be2 Nc6 11. Qd2 Be6 12. O-O Qb6 13. Rfd1 Rfd8 14. Na4 Qb4
15. Qxb4 Nxb4 16. a3 Nc6 17. Rac1 g5 18. Bg3 Ne4 19. Nd4 Nxd4 20. exd4 Rac8 21.
Bc7 Rd7 22. Be5 Rdd8 23. f3 Bd7 24. fxe4 Bxa4 25. Bg4 Rxc1 26. Rxc1 dxe4 27.
Rc7 Bd6 28. Rxb7 Bxe5 29. dxe5 Bd1 30. Rd7 Rxd7 31. Bxd7 e3 32. Kf1 Kf8 33. Ke1
Bb3 34. Ke2 Ke7 35. Bf5 a5 36. Kxe3 h5 37. g3 a4 38. h4 gxh4 39. gxh4 f6 40.
Kf4 Bd1 41. Bg6 Ke6 42. exf6 Kxf6 43. Be4 Ke6 44. Bg6 Kf6 45. Bd3 Bb3 46. Be2
Bf7 47. Bb5 Bb3 48. Be8 Bd1 49. Ke3 Kf5 50. Kd2 Bf3 51. Bxa4 Kf4 52. Be8 Kg3
53. Ke3 Bd1 54. a4 Kxh4 55. a5 Bg4 56. b4 Kg3 57. b5 h4 58. Bc6 1-0

[Event "ENG-ch Senior Over 65"]
[Site "Kenilworth"]
[Date "2024.05.26"]
[Round "4.3"]
[White "Chandler, Cliff R"]
[Black "Page, Mark Edward"]
[Result "1-0"]
[WhiteElo "2168"]
[BlackElo "2042"]
[PlyCount "59"]
[EventDate "2024.05.24"]
[EventType "swiss"]
[EventRounds "7"]
[EventCountry "ENG"]

1. e4 c5 2. b4 cxb4 3. a3 d5 4. exd5 Qxd5 5. Nf3 e5 6. c4 Qe6 7. Bd3 Nf6 8. O-O
Nc6 9. Re1 Bd6 10. c5 Bxc5 11. axb4 Bd6 12. Nc3 Nxb4 13. Bb5+ Kf8 14. d4 Nfd5
15. Nxd5 Qxd5 16. dxe5 Qxd1 17. Rxd1 Be7 18. Bd7 a6 19. Bxc8 Rxc8 20. Rd7 Rb8
21. Bg5 Bc5 22. Rad1 Nc6 23. Bf4 b6 24. e6 Rc8 25. Rxf7+ Ke8 26. Rxg7 a5 27.
Kf1 Rd8 28. Rdd7 Ne7 29. Ne5 Rf8 30. Rf7 1-0

[Event "ENG-ch Senior Over 65"]
[Site "Kenilworth"]
[Date "2024.05.26"]
[Round "4.4"]
[White "Snape, Ian L"]
[Black "Wager, John D"]
[Result "1-0"]
[WhiteElo "2086"]
[BlackElo "2020"]
[PlyCount "109"]
[EventDate "2024.05.24"]
[EventType "swiss"]
[EventRounds "7"]
[EventCountry "ENG"]

1. d4 Nf6 2. c4 g6 3. Nc3 Bg7 4. Nf3 O-O 5. e4 d6 6. Be2 Na6 7. h3 c5 8. d5 Bd7
9. O-O Rb8 10. Bf4 Nc7 11. e5 Nfe8 12. a4 a6 13. Qd2 b5 14. axb5 axb5 15. Bh6
bxc4 16. Bxc4 dxe5 17. Bxg7 Kxg7 18. Nxe5 Nd6 19. b3 Ncb5 20. Na4 Nb7 21. Qe3
N5d6 22. Nxd7 Qxd7 23. Nxc5 Nxc5 24. Qxc5 Rb7 25. Ra6 Rc8 26. Rc6 Rbc7 27. Ba6
Rxc6 28. dxc6 Rxc6 29. Qd4+ e5 30. Qxe5+ f6 31. Qe2 Qa7 32. Bc4 Nxc4 33. bxc4
Qc7 34. Rc1 Rc5 35. Qe4 h5 36. g3 Kf7 37. Rb1 f5 38. Qf3 Qe5 39. Qb7+ Rc7 40.
Qb5 Qxb5 41. cxb5 Rb7 42. Kf1 Ke6 43. Ke2 Rb6 44. h4 f4 45. gxf4 Kd5 46. Kd3
Kc5 47. Kc3 Kd5 48. Rb4 Kc5 49. Rc4+ Kd5 50. Kb4 Rf6 51. f3 Re6 52. Re4 Rf6 53.
Ka5 Kc5 54. b6 Rf8 55. b7 1-0

[Event "ENG-ch Senior Over 65"]
[Site "Kenilworth"]
[Date "2024.05.26"]
[Round "4.5"]
[White "Moore, Geoffrey R"]
[Black "Punnett, Alan K"]
[Result "1/2-1/2"]
[WhiteElo "2014"]
[BlackElo "1963"]
[PlyCount "101"]
[EventDate "2024.05.24"]
[EventType "swiss"]
[EventRounds "7"]
[EventCountry "ENG"]

1. e4 e6 2. d4 d5 3. e5 c5 4. c3 Nc6 5. Nf3 Bd7 6. Be2 Nge7 7. O-O Ng6 8. g3
Be7 9. a3 c4 10. h4 O-O 11. h5 Nh8 12. b4 cxb3 13. Qxb3 f6 14. Be3 Na5 15. Qc2
Qe8 16. exf6 Bxf6 17. Ne5 Ba4 18. Qd3 Nf7 19. Nxf7 Rxf7 20. Nd2 Rc8 21. Bf4 a6
22. Qe3 Nb3 23. Nxb3 Bxb3 24. Bg4 Rc6 25. Rfe1 Re7 26. Bf3 e5 27. dxe5 Bxe5 28.
Bxe5 Rce6 29. Qd4 Rxe5 30. Rxe5 Rxe5 31. Rb1 Re1+ 32. Rxe1 Qxe1+ 33. Kg2 Qe6
34. Qb4 Bc4 35. Qxb7 Qe5 36. Qc8+ Kf7 37. Qd7+ Kf8 38. h6 gxh6 39. Qxh7 Qxc3
40. Qxh6+ Ke7 41. Qf4 Qxa3 42. Qe5+ Kf8 43. Bxd5 Bxd5+ 44. Qxd5 a5 45. g4 a4
46. g5 Qb3 47. Qd8+ Kg7 48. Qf6+ Kg8 49. Qg6+ Kf8 50. Qh6+ Kg8 51. Qg6+ 1/2-1/2

[Event "ENG-ch Senior Over 65"]
[Site "Kenilworth"]
[Date "2024.05.26"]
[Round "4.6"]
[White "Hughes, Roy"]
[Black "Bonafont, Philip R"]
[Result "0-1"]
[WhiteElo "1988"]
[BlackElo "1986"]
[PlyCount "116"]
[EventDate "2024.05.24"]
[EventType "swiss"]
[EventRounds "7"]
[EventCountry "ENG"]

1. d4 d5 2. Nf3 Nf6 3. Bf4 c5 4. e3 Nc6 5. c4 cxd4 6. exd4 g6 7. Nc3 Bg4 8.
cxd5 Nxd5 9. Nxd5 Qxd5 10. Be2 Bg7 11. O-O O-O 12. Be3 Rfd8 13. Qa4 a6 14. Rac1
Rac8 15. Rc5 Qd6 16. Rfc1 Bd7 17. Qd1 Nb4 18. Qb3 Nc6 19. Qb6 Nxd4 20. Qxd6
Nxe2+ 21. Kf1 exd6 22. Rxc8 Rxc8 23. Kxe2 Bxb2 24. Rxc8+ Bxc8 25. Nd4 Be6 26.
Nb3 Kf8 27. Kd3 Ke7 28. Kc2 Be5 29. g3 Bf5+ 30. Kd2 Kd7 31. Nd4 Be4 32. Kc3 Kc7
33. Kb4 b5 34. h4 h5 35. a3 Bd5 36. f4 Bf6 37. Bf2 Kb7 38. Be3 Bd8 39. f5 Bb6
40. fxg6 fxg6 41. Kc3 Bc5 42. Nc2 a5 43. Bf4 Kb6 44. Ne3 Be6 45. Nc2 Bd5 46.
Ne3 Be4 47. Kb2 Bd4+ 48. Kb3 Kc5 49. g4 a4+ 50. Ka2 d5 51. gxh5 gxh5 52. Bg5
Be5 53. Be7+ Kd4 54. Nd1 Kd3 55. Bg5 Bf3 56. Nb2+ Ke2 57. Kb1 Bd6 58. Ka2 d4
0-1

[Event "ENG-ch Senior Over 65"]
[Site "Kenilworth"]
[Date "2024.05.26"]
[Round "4.7"]
[White "Jackson, Sheila"]
[Black "Moore, John C"]
[Result "1/2-1/2"]
[WhiteElo "2010"]
[BlackElo "1950"]
[PlyCount "45"]
[EventDate "2024.05.24"]
[EventType "swiss"]
[EventRounds "7"]
[EventCountry "ENG"]

1. e4 e5 2. Nf3 Nc6 3. Bb5 a6 4. Bxc6 dxc6 5. O-O Bg4 6. h3 h5 7. d3 Qf6 8.
Nbd2 Ne7 9. Qe1 Ng6 10. Qe3 Nf4 11. Kh2 Bd6 12. Ng1 Be6 13. g3 Ng6 14. Ndf3 h4
15. Qg5 Qxg5 16. Bxg5 f6 17. Be3 c5 18. Kg2 O-O-O 19. b3 hxg3 20. fxg3 Ne7 21.
g4 g5 22. Nd2 Rh6 23. Nc4 1/2-1/2

[Event "ENG-ch Senior Over 65"]
[Site "Kenilworth"]
[Date "2024.05.26"]
[Round "4.8"]
[White "Hutchinson, Paul A"]
[Black "Norman, Kenneth I"]
[Result "1/2-1/2"]
[WhiteElo "1970"]
[BlackElo "2116"]
[PlyCount "95"]
[EventDate "2024.05.24"]
[EventType "swiss"]
[EventRounds "7"]
[EventCountry "ENG"]

1. d4 Nf6 2. c4 g6 3. Nc3 d5 4. Nf3 Bg7 5. Bf4 O-O 6. e3 c5 7. Be2 cxd4 8. exd4
Nc6 9. h3 b6 10. O-O Bb7 11. Rc1 dxc4 12. Bxc4 Rc8 13. Qd3 Nb4 14. Qe2 Bxf3 15.
gxf3 Qxd4 16. Ne4 Nxe4 17. fxe4 Qf6 18. Be3 Qh4 19. Qf3 Nc6 20. Qg2 Ne5 21. Be2
Bh6 22. f4 Rxc1 23. Bxc1 Rc8 24. Ba6 Rxc1 25. Rxc1 Bxf4 26. Rf1 g5 27. Be2 f6
28. Bg4 Be3+ 29. Kh1 Ng6 30. Qf3 Bf4 31. Qd3 Bd6 32. Qc3 h5 33. Bf5 Ne5 34. Qe1
Qxe1 35. Rxe1 Kf7 36. Bc8 Nd3 37. Re2 Nf4 38. Rd2 Ke8 39. a3 Kd8 40. Bf5 Kc7
41. Rc2+ Kb7 42. Bc8+ Kb8 43. Ba6 Bc7 44. Be2 Kb7 45. Bf3 Be5 46. b4 Kb8 47. b5
Kb7 48. Bd1 1/2-1/2

[Event "ENG-ch Senior Over 65"]
[Site "Kenilworth"]
[Date "2024.05.26"]
[Round "4.9"]
[White "Baker, Chris W"]
[Black "Goodwin, Ed H"]
[Result "1-0"]
[WhiteElo "2218"]
[BlackElo "1898"]
[PlyCount "79"]
[EventDate "2024.05.24"]
[EventType "swiss"]
[EventRounds "7"]
[EventCountry "ENG"]

1. e4 e6 2. Nf3 d5 3. Nc3 Nf6 4. exd5 exd5 5. d4 Bg4 6. h3 Bh5 7. Bf4 c6 8. Bd3
Be7 9. g4 Bg6 10. Ne5 Bxd3 11. Qxd3 O-O 12. O-O-O Nfd7 13. h4 Nxe5 14. dxe5 Na6
15. g5 Qa5 16. Kb1 b5 17. Ne2 Nb4 18. Qb3 Qa4 19. Qxa4 bxa4 20. a3 Na6 21. Nc3
Nc5 22. Be3 Nd7 23. f4 Nb6 24. f5 Rfb8 25. f6 Bxa3 26. Bxb6 Rxb6 27. Nxa4 Rb4
28. b3 Re4 29. Rde1 Rxe1+ 30. Rxe1 Re8 31. Nb2 Bd6 32. Nd3 Bc7 33. Ka2 h6 34.
b4 hxg5 35. hxg5 Kh7 36. g6+ Kg8 37. e6 Rxe6 38. Rxe6 fxe6 39. f7+ Kf8 40. Nc5
1-0

[Event "ENG-ch Senior Over 65"]
[Site "Kenilworth"]
[Date "2024.05.26"]
[Round "4.10"]
[White "Bray, Dave J"]
[Black "Neatherway, A Philip"]
[Result "1-0"]
[WhiteElo "1963"]
[BlackElo "1831"]
[PlyCount "81"]
[EventDate "2024.05.24"]
[EventType "swiss"]
[EventRounds "7"]
[EventCountry "ENG"]

1. Nf3 Nf6 2. c4 c5 3. Nc3 Nc6 4. d4 cxd4 5. Nxd4 g6 6. e4 d6 7. Be2 Bg7 8. Be3
Bd7 9. O-O O-O 10. f3 Rc8 11. Qd2 a6 12. Rac1 Nxd4 13. Bxd4 Bc6 14. Rfd1 Nh5
15. Bxg7 Kxg7 16. Qe3 Qa5 17. a3 Qc5 18. Qxc5 dxc5 19. b4 cxb4 20. axb4 Rfd8
21. Nd5 Bxd5 22. exd5 Nf4 23. Bf1 Kf6 24. g3 Nh5 25. c5 Ng7 26. c6 bxc6 27.
Bxa6 Rc7 28. b5 c5 29. b6 Rcd7 30. Rxc5 Nf5 31. Bc8 Rxc8 32. Rxc8 Nd6 33. Rc7
Rd8 34. Re1 Rb8 35. Rc6 Rb7 36. f4 h5 37. Kg2 Rb8 38. Kf3 Ra8 39. h3 Ra3+ 40.
Re3 Ra5 41. Rb3 1-0

[Event "ENG-ch Senior Over 65"]
[Site "Kenilworth"]
[Date "2024.05.26"]
[Round "4.11"]
[White "Spanton, Tim R"]
[Black "Myall, Ivan J"]
[Result "1-0"]
[WhiteElo "1902"]
[BlackElo "1933"]
[PlyCount "113"]
[EventDate "2024.05.24"]
[EventType "swiss"]
[EventRounds "7"]
[EventCountry "ENG"]

1. e4 g6 2. d4 Bg7 3. Nc3 c5 4. Nf3 cxd4 5. Nxd4 Nc6 6. Nxc6 bxc6 7. Bc4 Qa5 8.
Bd2 Rb8 9. Qf3 e6 10. Nb5 Qxd2+ 11. Kxd2 cxb5 12. Bd3 Ne7 13. h4 h5 14. g4 Nc6
15. g5 b4 16. Rab1 Bb7 17. Qg3 O-O 18. f4 Rfd8 19. Rhf1 d5 20. e5 Na5 21. Rfd1
Bf8 22. Qf2 d4 23. Ke1 Bd5 24. Qe2 Rbc8 25. Kf2 Bc5 26. Kg3 Bb6 27. Ra1 Nc6 28.
a3 bxa3 29. Rxa3 Nb4 30. Qd2 Nxd3 31. cxd3 Bc5 32. Ra5 Bb6 33. Raa1 Rb8 34.
Rdc1 Rd7 35. b4 Rdb7 36. Qb2 Bd8 37. Qxd4 Bb6 38. Qb2 Be3 39. Rcb1 Rb5 40. Qc3
a5 41. d4 Rxb4 42. Rxb4 Rxb4 43. Qxe3 Rb3 44. Qxb3 Bxb3 45. Rxa5 Kg7 46. Kf3
Kf8 47. Ke3 Ke7 48. Ra7+ Kf8 49. Kd3 Bd5 50. Kc3 Ke8 51. Kb4 Kf8 52. Kc5 Kg7
53. Rd7 Bb3 54. Kd6 Bc4 55. Ke7 Bb3 56. Rd8 Bc4 57. Rf8 1-0

[Event "ENG-ch Senior Over 65"]
[Site "Kenilworth"]
[Date "2024.05.26"]
[Round "4.12"]
[White "Selley, Susan A"]
[Black "Stokes, Mike R"]
[Result "0-1"]
[WhiteElo "1621"]
[BlackElo "1968"]
[PlyCount "76"]
[EventDate "2024.05.24"]
[EventType "swiss"]
[EventRounds "7"]
[EventCountry "ENG"]

1. c4 c5 2. Nc3 Nf6 3. Nf3 d5 4. cxd5 Nxd5 5. e4 Nc7 6. Be2 Nc6 7. O-O e5 8.
Qa4 a6 9. Nxe5 b5 10. Nxc6 Qd6 11. Qc2 Qxc6 12. Bf3 Rb8 13. e5 Qd7 14. b3 Be7
15. Ne4 h5 16. Bb2 Ne6 17. Rac1 Kf8 18. Qd1 g5 19. Bxh5 Bb7 20. Re1 Qd5 21. Qf3
Nf4 22. Re3 Rxh5 23. g3 Nh3+ 24. Kf1 Rh6 25. Qg4 Bc8 26. Qe2 Bf5 27. f3 Rd8 28.
Rd1 c4 29. bxc4 bxc4 30. Bc3 Nf4 31. gxf4 gxf4 32. Nf6 Bxf6 33. Bb4+ Be7 34.
Bxe7+ Kxe7 35. Rc3 Bd3 36. Rxd3 Qxd3 37. Qxd3 Rxd3 38. Kg2 c3 0-1

[Event "ENG-ch Senior Over 65"]
[Site "Kenilworth"]
[Date "2024.05.26"]
[Round "4.13"]
[White "Dennis, Nigel W"]
[Black "Fleming, Andrew SJ"]
[Result "1-0"]
[WhiteElo "1892"]
[BlackElo "1905"]
[PlyCount "143"]
[EventDate "2024.05.24"]
[EventType "swiss"]
[EventRounds "7"]
[EventCountry "ENG"]

1. e4 e5 2. Nf3 Nc6 3. Bb5 g6 4. O-O Bg7 5. Re1 Nge7 6. c3 O-O 7. d4 d6 8. Be3
a6 9. Be2 h6 10. dxe5 dxe5 11. Nbd2 Be6 12. Nb3 b6 13. Qxd8 Rfxd8 14. Rad1 a5
15. Rxd8+ Rxd8 16. Rd1 Ra8 17. c4 f5 18. exf5 Nxf5 19. Nbd2 Rd8 20. Ne4 Rxd1+
21. Bxd1 Nxe3 22. fxe3 Bxc4 23. b3 Be6 24. Bc2 Nb4 25. Bb1 Nd5 26. Kf2 Kf7 27.
Nfd2 Nf6 28. Nxf6 Bxf6 29. Ne4 Be7 30. Bd3 Bb4 31. h3 c6 32. Bc4 b5 33. Bxe6+
Kxe6 34. Ke2 Be7 35. g4 Kd5 36. Kd3 Bd8 37. Nc3+ Ke6 38. Ne4 Bb6 39. a4 Kd5 40.
Nf6+ Ke6 41. Ne4 bxa4 42. bxa4 Kd5 43. Nf6+ Ke6 44. Ne4 Bd8 45. Kc4 Be7 46.
Nc5+ Kf6 47. Ne4+ Kf7 48. Nc5 Ke8 49. Nb7 Bb4 50. Nc5 Ke7 51. Ne4 Ke6 52. Nc5+
Kd6 53. Ne4+ Kc7 54. Nc5 Bxc5 55. Kxc5 h5 56. gxh5 gxh5 57. h4 e4 58. Kd4 Kd6
59. Kxe4 c5 60. Kd3 Kd5 61. e4+ Ke5 62. Kc4 Kxe4 63. Kxc5 Kf4 64. Kb5 Kg4 65.
Kxa5 Kxh4 66. Kb5 Kg3 67. a5 h4 68. a6 h3 69. a7 Kh2 70. a8=Q Kg1 71. Qg8+ Kf1
72. Qg3 1-0

[Event "ENG-ch Senior Over 65"]
[Site "Kenilworth"]
[Date "2024.05.26"]
[Round "4.14"]
[White "Erdogan, Hassan"]
[Black "Hutchinson, Norman A"]
[Result "1/2-1/2"]
[WhiteElo "1877"]
[BlackElo "1952"]
[PlyCount "85"]
[EventDate "2024.05.24"]
[EventType "swiss"]
[EventRounds "7"]
[EventCountry "ENG"]

1. Nf3 Nf6 2. b3 d5 3. e3 c5 4. Bb2 e6 5. d4 Nc6 6. Nbd2 Bd6 7. Be2 O-O 8. O-O
Re8 9. c4 cxd4 10. exd4 b6 11. Re1 Bb7 12. Bf1 Rc8 13. Rc1 Ne7 14. Bd3 Ng6 15.
g3 Bb4 16. a3 Bd6 17. Ne5 Bxe5 18. dxe5 Nd7 19. b4 Qg5 20. Bf1 Red8 21. Bg2
Ndf8 22. f4 Qe7 23. Qe2 Qd7 24. Red1 Ne7 25. Ne4 Rc7 26. Nd6 Ba8 27. c5 bxc5
28. bxc5 Rb8 29. Bc3 Rxc5 30. Bb4 Rxc1 31. Rxc1 Nc6 32. Bc5 Na5 33. Bb4 Nc6 34.
Bc5 Ng6 35. Bf1 Nge7 36. Qa6 Nc8 37. Bb5 Nxd6 38. Bxd6 Rc8 39. Rc5 Qb7 40. a4
h6 41. Kf2 g6 42. Ke2 Nd4+ 43. Kd3 1/2-1/2